Buenos Aires Airport (EZE) Destinations - Statistics

General Stats
  • This quiz has been taken 532 times
    240 since last reset
  • The average score is 27 of 41
Answer Stats
Companies Destinations % Correct
EZE JetSmart Argentina | JetSmart Chile | KLM | LATAM Chile | Sky Airline Santiago
93%
EZE Air France Paris-Charles de Gaulle
92%
EZE JetSmart Argentina | LATAM Perú | Sky Airline Peru Lima
91%
EZE Aerolíneas Argentinas | Air Europa | Iberia Madrid
91%
EZE Aeroméxico Mexico City
91%
EZE British Airways London-Heathrow
90%
EZE Aerolíneas Argentinas | American Airlines New York-JFK
90%
EZE Emirates | flybondi | JetSmart Argentina Rio de Janeiro-Galeão
89%
EZE Avianca | Viva Air Bogotá
88%
EZE Aerolíneas Argentinas | Air Canada | Ethiopian Airlines | flybondi | LATAM Brasil | Swiss | Turkish Airlines São Paulo-Guarulhos
88%
EZE Air Canada Toronto-Pearson
86%
EZE KLM Amsterdam
84%
EZE Lufthansa Frankfurt
84%
EZE American Airlines Dallas/Fort Worth
83%
EZE Emirates Dubai
83%
EZE Aerolíneas Argentinas | American Airlines Miami
83%
EZE Ethiopian Airlines Addis Ababa
79%
EZE Aerolíneas Argentinas | ITA Airways Rome-Fiumicino
79%
EZE Level Barcelona
77%
EZE United Airlines Houston-Intercontinental
77%
EZE Copa Airlines Panama City-Tocumen
76%
EZE JetSmart Argentina | Paranair Asunción
75%
EZE Turkish Airlines Istanbul
74%
EZE Air Canada Montréal-Trudeau
74%
EZE Delta Air Lines Atlanta
71%
EZE Avianca Costa Rica San José
71%
EZE Avianca Costa Rica Quito
70%
EZE Edelweiss Air Zürich
69%
EZE Viva Air Medellín-JMC
57%
EZE BoA Boliviana de Aviación Santa Cruz de la Sierra-Viru Viru
57%
EZE Aerolíneas Argentinas Cancún
49%
EZE Aerolíneas Argentinas Havana
47%
EZE Aerolíneas Argentinas | flybondi | JetSmart Argentina Ushuaia
47%
EZE Aerolíneas Argentinas | flybondi | JetSmart Argentina San Carlos de Bariloche
36%
EZE flybondi | GOL Florianópolis
33%
EZE Aerolíneas Argentinas Punta Cana
29%
EZE Aerolíneas Argentinas | flybondi | JetSmart Argentina El Calafate
26%
EZE JetSmart Argentina Puerto Iguazú
24%
EZE Aerolíneas Argentinas San Miguel de Tucumán
19%
EZE flybondi Comodoro Rivadavia
13%
EZE Aerolíneas Argentinas San Martín de los Andes
9%
No matching quizzes found
Score Distribution
Percent of People with Each Score
Percentile by Number Answered
Your Score History
You have not taken this quiz since the last reset